La casa dell'attesa /

Gardado en:
Detalles Bibliográficos
Autor Principal: Geda, Fabio (Author)
Formato: Libro
Idioma:Lingua italiana
Publicado: Roma ; Bari : Laterza, 2025
Series:I Robinson. Letture
Subjects:
Tags: Engadir etiqueta
Sen Etiquetas, Sexa o primeiro en etiquetar este rexistro!

MARC

LEADER 00000nam a22000007i 4500
001 IT\ICCU\RML\0551311
003 ItRI
005 20260115232116.0
008 250319s2025 it |||||| |||||1|||||c
020 |a 9788858154915 
040 |b ita  |c importazione bologna sebina 
041 7 |a ita  |2 ISO-639-2 
082 |a 344.4504  |9 DIRITTO IN MATERIA DI PROBLEMI E SERVIZI SOCIALI VARI. ITALIA  |2 23 
100 1 |a Geda, Fabio  |0 IT\ICCU\MODV\562447  |4 aut 
240 1 3 |a La casa dell'attesa  |3 IT\ICCU\RML\0551312  |9 Geda, Fabio 
245 1 3 |a La casa dell'attesa /  |c Fabio Geda. 
260 |a Roma ;  |a Bari :  |b Laterza,  |c 2025 
300 |a 166 p. :  |b 1 carta geografica ;  |c 21 cm 
650 7 |a Assistenza sanitaria  |x Angola  |x Legislazione  |x 1956  |2 scbi 
830 2 |a I Robinson. Letture  |0 IT\ICCU\LO1\0490342 
942 |2 ddc  |c BK  |n 0 
952 |0 0  |1 0  |4 0  |6 DOC_853_920000000000000_GED  |7 0  |9 20194  |a BO  |b BO  |d 2026-01-15  |i 21088  |l 0  |o DOC 853.92 GED  |p BO21088  |r 2026-01-15 23:21:16  |w 2026-01-15  |x [Sebina 5] [1 v.]  |y BK  |z 1 v. 
999 |c 17223  |d 17223